Straight Line Travel - Statistics

General Stats
  • This quiz has been taken 145 times
    120 since last reset
  • The average score is 25 of 44
Answer Stats
Start End Answer % Correct
Tokyo Chicago Pacific Ocean
86%
Istanbul Beijing Black Sea
80%
Istanbul Beijing China
80%
Istanbul Beijing Russia
78%
Istanbul Beijing Mongolia
74%
London Budapest Germany
73%
Istanbul Beijing Kazakhstan
73%
London Budapest Belgium
72%
London Budapest Hungary
72%
London Budapest Czechia
70%
London Budapest English Channel
70%
Tokyo Tokyo United States
68%
London Budapest Austria
66%
Gibraltar Aden Mediterranean Sea
66%
Miami Rio de Janeiro Cuba
65%
London Budapest Slovakia
65%
Istanbul Beijing China
64%
Gibraltar Aden Algeria
61%
Miami Rio de Janeiro Atlantic Ocean
61%
Tokyo Tokyo Canada
59%
Miami Rio de Janeiro Brazil
58%
Gibraltar Aden Libya
58%
Gibraltar Aden Tunisia
58%
Gibraltar Aden Egypt
57%
Gibraltar Aden Sudan
56%
Tokyo Tokyo United States (Alaska)
56%
Gibraltar Aden Red Sea
55%
Miami Rio de Janeiro Windward Passage
55%
Gibraltar Aden Eritrea
54%
Tokyo Chicago Russia
53%
Miami Rio de Janeiro Venezuela
53%
Gibraltar Aden Yemen
53%
Sydney Delhi India
50%
Sydney Delhi Indonesia
50%
Miami Rio de Janeiro Caribbean Sea
48%
Tokyo Chicago Bering Sea
47%
Sydney Delhi Indian Ocean
44%
Sydney Delhi Bay of Bengal (& Andaman Sea)
36%
Miami Rio de Janeiro Haiti
36%
Sydney Delhi Thailand
36%
Sydney Delhi Myanmar
34%
Sydney Delhi Java Sea
17%
Tokyo Chicago Sea of Okhutsk
15%
Sydney Delhi South China Sea & Gulf of Thailand
14%
No matching quizzes found
Score Distribution
Percent of People with Each Score
Percentile by Number Answered
Your Score History
You have not taken this quiz since the last reset